[Event "Dhaka Sheikh Russel op"]
[Site "Dhaka"]
[Date "2022.10.15"]
[Round "3.1"]
[White "Rajbhandari, Rijendra"]
[Black "Amer, Karim"]
[Result "1-0"]
[WhiteElo "1994"]
[BlackElo "2226"]
[PlyCount "113"]
[EventDate "2022.10.13"]
[EventType "team-tourn"]
[EventRounds "5"]
[EventCountry "BAN"]
[SourceTitle "CBM 210 Extra"]
[Source "ChessBase"]
[SourceDate "2022.11.30"]
[SourceVersion "1"]
[SourceVersionDate "2022.11.30"]
[SourceQuality "1"]
[WhiteTeam "Nepal"]
[BlackTeam "Pakistan"]
[WhiteTeamCountry "NEP"]
[BlackTeamCountry "PAK"]

1. d4 Nf6 2. c4 e6 3. g3 c5 4. Nf3 cxd4 5. Nxd4 Nc6 6. Bg2 Bb4+ 7. Bd2 Be7 8. Nb3 d6 9. 0-0 0-0 10. Bf4 a6 11. Nc3 Nh5 12. Bc1 Ne5 13. e3 Nf6 14. Qe2 Qc7 15. Nd2 Bd7 16. f4 Ng6 17. b3 d5 18. Bb2 dxc4 19. Nxc4 Rac8 20. Rac1 b5 21. Nd2 Qa5 22. Rfd1 b4 23. Nc4 Rxc4 24. Qxc4 bxc3 25. Bxc3 Qb5 26. Qxb5 Bxb5 27. a4 Be8 28. Bb7 Ng4 29. Rd3 Ba3 30. Rc2 Ne7 31. Bd2 f6 32. h3 Bg6 33. e4 Rb8 34. Rc7 Nd5 35. Rxd5 exd5 36. Bxd5+ Kf8 37. hxg4 Be8 38. Be3 a5 39. g5 fxg5 40. Bd4 Be7 41. fxg5 Bh5 42. Kf2 Bd1 43. Be5 Re8 44. Bf4 Rd8 45. Ke3 Re8 46. Kd2 Bf3 47. Kd3 Rd8 48. Ke3 Bd1 49. Rb7 Bc5+ 50. Kd3 Be7 51. Bc7 Ra8 52. Bb6 Rc8 53. Bxa5 Bc2+ 54. Ke2 g6 55. Bd2 Bd6 56. a5 Ke8 57. a6 1-0

[Event "Dhaka Sheikh Russel op"]
[Site "Dhaka"]
[Date "2022.10.14"]
[Round "2.1"]
[White "Muhammed, Shuaau"]
[Black "Rajbhandari, Rijendra"]
[Result "1-0"]
[WhiteElo "2010"]
[BlackElo "1994"]
[PlyCount "71"]
[EventDate "2022.10.13"]
[EventType "team-tourn"]
[EventRounds "5"]
[EventCountry "BAN"]
[SourceTitle "CBM 210 Extra"]
[Source "ChessBase"]
[SourceDate "2022.11.30"]
[SourceVersion "1"]
[SourceVersionDate "2022.11.30"]
[SourceQuality "1"]
[WhiteTeam "Maldives"]
[BlackTeam "Nepal"]
[WhiteTeamCountry "MDV"]
[BlackTeamCountry "NEP"]

1. e4 e5 2. Nf3 Nc6 3. Bb5 a6 4. Ba4 Nf6 5. 0-0 Nxe4 6. d4 b5 7. Bb3 d5 8. dxe5 Be6 9. Qe2 Bc5 10. Be3 Bxe3 11. Qxe3 0-0 12. Rd1 Ne7 13. Nc3 Nxc3 14. Qxc3 c6 15. Qc5 Qc7 16. a4 Rfe8 17. axb5 axb5 18. h3 Rec8 19. c3 Ng6 20. Rxa8 Rxa8 21. Bc2 Ra2 22. Bxg6 hxg6 23. b4 g5 24. Re1 g4 25. hxg4 Bxg4 26. Nd4 Bd7 27. Nxb5 Qd8 28. Nd4 Qg5 29. Nf3 Qg6 30. Qe7 Bg4 31. Ng5 Ra8 32. Re3 f6 33. exf6 gxf6 34. Nh3 Qf7 35. Qd6 Rc8 36. Rg3 1-0

[Event "Budha Bhandari Memorial"]
[Site "Budhanilkantha"]
[Date "2019.11.10"]
[Round "3"]
[White "Rajbhandari, Rijendra"]
[Black "Tandukar, Nabin"]
[Result "1-0"]
[WhiteElo "1979"]
[BlackElo "1888"]
[PlyCount "87"]
[EventDate "2019.11.09"]
[EventType "swiss"]
[EventRounds "9"]
[EventCountry "NEP"]
[SourceTitle "CBM 193 Extra"]
[Source "ChessBase"]
[SourceDate "2020.01.31"]
[SourceVersion "1"]
[SourceVersionDate "2020.01.31"]
[SourceQuality "1"]

1. d4 Nf6 2. c4 c5 3. d5 d6 4. Nc3 g6 5. g3 Bg7 6. Bg2 0-0 7. Nf3 e5 8. 0-0 h6 9. e4 Na6 10. Ne1 Bd7 11. Nd3 Nb4 12. h3 Nh5 13. Kh2 a6 14. Ne1 a5 15. a3 Na6 16. Nd3 Nc7 17. g4 Nf6 18. f4 exf4 19. Bxf4 Nfe8 20. e5 dxe5 21. Nxe5 Ra6 22. Ne4 b6 23. Qd2 f5 24. Nxg6 fxe4 25. Nxf8 Bxf8 26. Bxh6 Bxh6 27. Qxh6 Qe7 28. Qg6+ Qg7 29. Qxe4 Nd6 30. Qf4 b5 31. b3 a4 32. bxa4 bxc4 33. Qe3 Nce8 34. Qxc5 Rxa4 35. Rac1 Ra8 36. Qe3 Nf6 37. Qf4 Nfe8 38. Rce1 c3 39. Re5 Ra4 40. Qe3 Ne4 41. Rxe4 Rxe4 42. Qxe4 Nd6 43. Qf4 Qe7 44. Rc1 1-0

[Event "Olympiad-43"]
[Site "Batumi"]
[Date "2018.10.03"]
[Round "9.4"]
[White "Kantinti, Shaddrack"]
[Black "Rajbhandari, Rijendra"]
[Result "0-1"]
[WhiteElo "2039"]
[BlackElo "1937"]
[PlyCount "62"]
[EventDate "2018.09.24"]
[EventType "team-swiss"]
[EventRounds "11"]
[EventCountry "GEO"]
[SourceTitle "CBM 187"]
[Source "ChessBase"]
[SourceDate "2018.12.11"]
[SourceVersion "1"]
[SourceVersionDate "2018.12.11"]
[SourceQuality "1"]
[WhiteTeam "Uganda"]
[BlackTeam "Nepal"]
[WhiteTeamCountry "UGA"]
[BlackTeamCountry "NEP"]

1. e4 c6 2. d4 d5 3. Nc3 dxe4 4. Nxe4 Bf5 5. Ng3 Bg6 6. h4 h6 7. Nf3 Nd7 8. h5 Bh7 9. Bd3 Bxd3 10. Qxd3 e6 11. Bf4 Qa5+ 12. Bd2 Bb4 13. Ne4 Ngf6 14. Nd6+ Ke7 15. Nc4 Bxd2+ 16. Nfxd2 Qc7 17. Qa3+ c5 18. dxc5 Qxc5 19. b4 Qc7 20. Rh4 Rhc8 21. Rd4 b5 22. Nd6 Rd8 23. Qg3 Qb6 24. Qxg7 Qxd4 25. Qxf7+ Kxd6 26. 0-0-0 Nd5 27. Nb3 Qf6 28. Qh7 Rac8 29. Nd4 a6 30. g3 Rc4 31. f4 Rxd4 0-1

[Event "Olympiad-43"]
[Site "Batumi"]
[Date "2018.09.26"]
[Round "3.48"]
[White "Lee, Jun Wei"]
[Black "Rajbhandari, Rijendra"]
[Result "1/2-1/2"]
[WhiteElo "2134"]
[BlackElo "1937"]
[PlyCount "66"]
[EventDate "2018.09.24"]
[EventType "team-swiss"]
[EventRounds "11"]
[EventCountry "GEO"]
[SourceTitle "CBM 187"]
[Source "ChessBase"]
[SourceDate "2018.12.11"]
[SourceVersion "1"]
[SourceVersionDate "2018.12.11"]
[SourceQuality "1"]
[WhiteTeam "Singapore"]
[BlackTeam "Nepal"]
[WhiteTeamCountry "SIN"]
[BlackTeamCountry "NEP"]

1. d4 Nf6 2. c4 e6 3. Nf3 Bb4+ 4. Bd2 Qe7 5. g3 Nc6 6. Nc3 0-0 7. Bg2 Bxc3 8. Bxc3 Ne4 9. Rc1 Nxc3 10. Rxc3 d6 11. 0-0 e5 12. d5 Nb8 13. Qc2 Nd7 14. b4 b6 15. Nh4 g6 16. c5 Ba6 17. cxd6 cxd6 18. Rc7 Rfc8 19. Qc6 Rxc7 20. Qxc7 Kf8 21. Qc6 Rc8 22. Qa4 Nb8 23. Re1 Qc7 24. b5 Qd7 25. Nf3 Qxb5 26. Qh4 Kg7 27. Ng5 h6 28. Ne6+ Kh7 29. Qf6 fxe6 30. Qf7+ Kh8 31. Qf6+ Kh7 32. Qf7+ Kh8 33. Qf6+ Kh7 1/2-1/2

[Event "Olympiad-43"]
[Site "Batumi"]
[Date "2018.09.25"]
[Round "2.4"]
[White "Rajbhandari, Rijendra"]
[Black "Izijk, Jimmy"]
[Result "1-0"]
[WhiteElo "1937"]
[BlackElo "1995"]
[PlyCount "83"]
[EventDate "2018.09.24"]
[EventType "team-swiss"]
[EventRounds "11"]
[EventCountry "GEO"]
[SourceTitle "CBM 187"]
[Source "ChessBase"]
[SourceDate "2018.12.11"]
[SourceVersion "1"]
[SourceVersionDate "2018.12.11"]
[SourceQuality "1"]
[WhiteTeam "Nepal"]
[BlackTeam "Netherlands Antilles"]
[WhiteTeamCountry "NEP"]
[BlackTeamCountry "AHO"]

1. d4 d5 2. c4 e6 3. Nf3 Nf6 4. g3 dxc4 5. Bg2 Be7 6. 0-0 Nbd7 7. Qc2 0-0 8. Qxc4 a6 9. Qc2 c5 10. Rd1 Qb6 11. Nc3 cxd4 12. Nxd4 Ne5 13. Bf4 Ng6 14. Na4 Qa5 15. Bc7 Qh5 16. Nb6 e5 17. Nxa8 exd4 18. Rxd4 Bf5 19. e4 Bh3 20. Nb6 Bxg2 21. Kxg2 Ng4 22. h3 N4e5 23. Qd1 Qg5 24. Bxe5 Qxe5 25. Nd7 Nh4+ 26. Kg1 Qxd4 27. Nxf8 Qxd1+ 28. Rxd1 Kxf8 29. gxh4 Ke8 30. h5 b6 31. Kg2 h6 32. f4 a5 33. Kf3 Bc5 34. e5 Ke7 35. Ke4 Bf2 36. Rd2 Bc5 37. Rg2 Kf8 38. f5 Be7 39. Kd5 Bc5 40. e6 fxe6+ 41. fxe6 Be7 42. Kc6 1-0

[Event "Chittagong op"]
[Site "Chittagong"]
[Date "2018.09.07"]
[Round "8"]
[White "Rajbhandari, Rijendra"]
[Black "Ahmed, Mainuddin"]
[Result "1-0"]
[WhiteElo "1937"]
[BlackElo "2095"]
[PlyCount "53"]
[EventDate "2018.09.02"]
[EventType "swiss"]
[EventRounds "10"]
[EventCountry "BAN"]
[SourceTitle "CBM 186 Extra"]
[Source "ChessBase"]
[SourceDate "2018.08.24"]
[SourceVersion "1"]
[SourceVersionDate "2018.08.24"]
[SourceQuality "1"]

1. d4 Nf6 2. c4 g6 3. g3 Bg7 4. Bg2 0-0 5. Nc3 c6 6. e4 d6 7. Nf3 Bg4 8. 0-0 Nbd7 9. h3 Bxf3 10. Bxf3 e5 11. Be3 Re8 12. d5 c5 13. Rb1 Nb6 14. Be2 Nbd7 15. Qc2 a6 16. b4 b6 17. Rb2 Rc8 18. Rfb1 b5 19. cxb5 cxb4 20. Rxb4 axb5 21. Bxb5 Nxe4 22. Rxe4 Nf6 23. Reb4 Nxd5 24. Bxe8 Qxe8 25. Nxd5 Rxc2 26. Rb8 Rc8 27. Rxc8 1-0

[Event "Olympiad-41"]
[Site "Tromsoe"]
[Date "2014.08.08"]
[Round "6.2"]
[White "Lopez Azambuja, Nicolas"]
[Black "Rajbhandari, Rijendra"]
[Result "1-0"]
[WhiteElo "2255"]
[BlackElo "2061"]
[PlyCount "111"]
[EventDate "2014.08.02"]
[EventType "team-swiss"]
[EventRounds "11"]
[EventCountry "NOR"]
[SourceTitle "CBM 162"]
[Source "ChessBase"]
[SourceDate "2014.09.17"]
[SourceVersion "1"]
[SourceVersionDate "2014.09.17"]
[SourceQuality "1"]
[WhiteTeam "Uruguay"]
[BlackTeam "Nepal"]
[WhiteTeamCountry "URU"]
[BlackTeamCountry "NEP"]

1. d4 Nf6 2. c4 e6 3. Nc3 Bb4 4. e3 b6 5. Nge2 Ba6 6. a3 Bxc3+ 7. Nxc3 d5 8. b3 0-0 9. Be2 dxc4 10. bxc4 Nc6 11. a4 Na5 12. Ba3 Re8 13. Nb5 c6 14. Nd6 Re7 15. c5 Bxe2 16. Qxe2 bxc5 17. dxc5 Nb3 18. Ra2 Qa5+ 19. Kf1 Qxa4 20. Qc2 Nd5 21. g3 Nb4 22. Qc4 Qxa3 23. Rxa3 Nd2+ 24. Ke2 Nxc4 25. Nxc4 f5 26. Rb1 Nd5 27. Rba1 Rb7 28. Ne5 Nb4 29. Rb3 Rc8 30. Nc4 Ra8 31. Ne5 Rab8 32. Rab1 a5 33. Nxc6 Rc8 34. Nxa5 Rb5 35. Nc4 Rbxc5 36. Nb6 Nd5 37. Nxc8 Rxc8 38. Kd2 Kf7 39. Ra1 Kf6 40. Ra7 h5 41. Rbb7 g5 42. f4 g4 43. Rf7+ Kg6 44. Rg7+ Kh6 45. Rh7+ Kg6 46. Rag7+ Kf6 47. Rg5 Ra8 48. Rgxh5 Ne7 49. R5h6+ Ng6 50. Rc7 Ra2+ 51. Kc1 Ra6 52. Rhh7 e5 53. Rhd7 exf4 54. exf4 Rb6 55. Kc2 Re6 56. Rf7# 1-0

[Event "Olympiad-41"]
[Site "Tromsoe"]
[Date "2014.08.02"]
[Round "1.2"]
[White "Rajbhandari, Rijendra"]
[Black "Stojanovic, Dalibor"]
[Result "0-1"]
[WhiteElo "2061"]
[BlackElo "2503"]
[PlyCount "88"]
[EventDate "2014.08.02"]
[EventType "team-swiss"]
[EventRounds "11"]
[EventCountry "NOR"]
[SourceTitle "CBM 162"]
[Source "ChessBase"]
[SourceDate "2014.09.17"]
[SourceVersion "1"]
[SourceVersionDate "2014.09.17"]
[SourceQuality "1"]
[WhiteTeam "Nepal"]
[BlackTeam "Bosnia&Herzegovina"]
[WhiteTeamCountry "NEP"]
[BlackTeamCountry "BIH"]

1. d4 Nf6 2. c4 g6 3. g3 Bg7 4. Bg2 0-0 5. Nc3 d6 6. Nf3 Nbd7 7. 0-0 e5 8. e4 c6 9. h3 Qa5 10. Be3 Nb6 11. Nd2 exd4 12. Bxd4 Be6 13. Nb3 Qb4 14. c5 Bxb3 15. Qxb3 Qxd4 16. cxb6 Qxb6 17. Qxb6 axb6 18. Rfd1 Rfd8 19. Rd3 b5 20. a4 Ne8 21. a5 b4 22. Nd1 Ra7 23. Ra4 c5 24. b3 Rda8 25. Ne3 Rxa5 26. Rxa5 Rxa5 27. Nc4 Ra1+ 28. Kh2 Bd4 29. e5 dxe5 30. Bxb7 Ra2 31. Rf3 Kg7 32. Kg2 Nc7 33. g4 Ne6 34. Nd6 Ng5 35. Rd3 Rxf2+ 36. Kg3 Re2 37. h4 Bf2+ 38. Kg2 Bxh4+ 39. Kg1 e4 40. Nxe4 Nxe4 41. Bxe4 Rxe4 42. Rd5 Rxg4+ 43. Kf1 c4 44. bxc4 Rxc4 0-1